[Event "Chigorin Memorial 30th"]
[Site "St Petersburg"]
[Date "2023.10.28"]
[Round "8"]
[White "Dagaev, Dmitry"]
[Black "Korotkikh, Miron"]
[Result "0-1"]
[WhiteElo "2084"]
[BlackElo "1660"]
[PlyCount "92"]
[EventDate "2023.10.21"]
[EventType "swiss"]
[EventRounds "9"]
[EventCountry "RUS"]
[SourceTitle "Mega2024 Update 01"]
[Source "Chessbase"]
[SourceDate "2023.11.12"]
[SourceVersion "1"]
[SourceVersionDate "2023.11.12"]
[SourceQuality "1"]

1. e4 c5 2. Nc3 Nc6 3. f4 g6 4. Nf3 Bg7 5. a4 a6 6. Be2 d6 7. 0-0 e6 8. Qe1 Nge7 9. d3 0-0 10. Qh4 f5 11. Ng5 h6 12. Nf3 Qc7 13. Nd1 Rb8 14. c3 b5 15. axb5 axb5 16. Be3 Bb7 17. Nf2 Ra8 18. g4 Na5 19. Nd2 Nac6 20. Bf3 b4 21. Rxa8 Rxa8 22. c4 Ra2 23. Rb1 Kf7 24. Qh3 Bc8 25. Nd1 Qa7 26. Qg2 Nd4 27. Bxd4 Bxd4+ 28. Kf1 Qa4 29. gxf5 exf5 30. exf5 gxf5 31. Bh5+ Kf8 32. Nf3 Bb7 33. Qe2 Bxf3 34. Bxf3 Kf7 35. Ne3 Ra1 36. Rxa1 Qxa1+ 37. Nd1 Qc1 38. Bh5+ Kf6 39. Qf3 Bxb2 40. Kg2 Bd4 41. Qa8 Qd2+ 42. Kh3 Qxf4 43. Qf8+ Kg5 44. Qxe7+ Bf6 45. Qe6 Qf1+ 46. Kg3 f4# 0-1

[Event "Chigorin Memorial 30th"]
[Site "St Petersburg"]
[Date "2023.10.27"]
[Round "7"]
[White "Korotkikh, Miron"]
[Black "Khadzhiev, Valery"]
[Result "1/2-1/2"]
[WhiteElo "1660"]
[BlackElo "1898"]
[PlyCount "88"]
[EventDate "2023.10.21"]
[EventType "swiss"]
[EventRounds "9"]
[EventCountry "RUS"]
[SourceTitle "Mega2024 Update 01"]
[Source "Chessbase"]
[SourceDate "2023.11.12"]
[SourceVersion "1"]
[SourceVersionDate "2023.11.12"]
[SourceQuality "1"]

1. d4 d5 2. c4 e6 3. Nc3 Nf6 4. cxd5 exd5 5. Bg5 Be7 6. e3 0-0 7. Bd3 c6 8. Qc2 Nbd7 9. Nge2 Re8 10. 0-0 Nf8 11. Kh1 Nh5 12. Bxe7 Qxe7 13. Ng3 Nxg3+ 14. hxg3 g6 15. Rab1 Be6 16. Na4 Rec8 17. b4 Nd7 18. Nc5 b6 19. Nxd7 Qxd7 20. Rfc1 Qd6 21. a4 Rc7 22. Qc3 Bd7 23. Rb2 Bc8 24. a5 Bd7 25. Ra2 Rb8 26. axb6 axb6 27. Rca1 Rcc8 28. Ra7 Be6 29. R1a6 Qf8 30. Ra1 c5 31. bxc5 bxc5 32. dxc5 Rxc5 33. Qd4 Rbc8 34. Rd1 Qg7 35. Qxg7+ Kxg7 36. Raa1 h5 37. Kg1 Kf6 38. Be2 Rc2 39. Bf3 Ke5 40. Rab1 R2c5 41. Rb4 Rc4 42. Rb5 R4c5 43. Rb4 Rc4 44. Rb5 R4c5 1/2-1/2

[Event "Chigorin Memorial 30th"]
[Site "St Petersburg"]
[Date "2023.10.25"]
[Round "5"]
[White "Korotkikh, Miron"]
[Black "Zhurova, Anna"]
[Result "0-1"]
[WhiteElo "1660"]
[BlackElo "2288"]
[PlyCount "106"]
[EventDate "2023.10.21"]
[EventType "swiss"]
[EventRounds "9"]
[EventCountry "RUS"]
[SourceTitle "Mega2024 Update 01"]
[Source "Chessbase"]
[SourceDate "2023.11.12"]
[SourceVersion "1"]
[SourceVersionDate "2023.11.12"]
[SourceQuality "1"]

1. d4 Nf6 2. c4 g6 3. Nc3 Bg7 4. e4 d6 5. Nge2 0-0 6. Ng3 h5 7. h4 Nc6 8. f3 a6 9. Be3 e5 10. d5 Nd4 11. Nge2 c5 12. dxc6 bxc6 13. Nxd4 exd4 14. Bxd4 Rb8 15. Qd2 Qa5 16. Ne2 Qc7 17. b3 Re8 18. Qf4 Qe7 19. Rd1 Bb7 20. Bxf6 Bxf6 21. Qxd6 Bxh4+ 22. g3 Rbd8 23. Qxe7 Bxe7 24. Bh3 Bc5 25. Nf4 Rxd1+ 26. Kxd1 Bf2 27. g4 h4 28. Rf1 Bg3 29. Nd3 Bc8 30. Nb4 Re6 31. Kc2 Kg7 32. Nd3 Re8 33. Rd1 f5 34. gxf5 gxf5 35. e5 f4 36. Bxc8 Rxc8 37. Nc5 h3 38. Rh1 h2 39. Kd3 Kg6 40. Ke4 Rd8 41. Ne6 Rd2 42. Nxf4+ Kg5 43. Nd3 Rg2 44. f4+ Kg4 45. Ke3 Rg1 46. Rxh2 Bxh2 47. e6 Kf5 48. e7 Rg8 49. Nb4 Bxf4+ 50. Kd4 Bd6 51. Nxc6 Ke6 52. c5 Rg4+ 53. Kc3 Bxe7 0-1

[Event "Chigorin Memorial 30th"]
[Site "St Petersburg"]
[Date "2023.10.23"]
[Round "3"]
[White "Korotkikh, Miron"]
[Black "Khulapov, Vyacheslav"]
[Result "1/2-1/2"]
[WhiteElo "1660"]
[BlackElo "2041"]
[PlyCount "69"]
[EventDate "2023.10.21"]
[EventType "swiss"]
[EventRounds "9"]
[EventCountry "RUS"]
[SourceTitle "Mega2024 Update 01"]
[Source "Chessbase"]
[SourceDate "2023.11.12"]
[SourceVersion "1"]
[SourceVersionDate "2023.11.12"]
[SourceQuality "1"]

1. d4 Nf6 2. c4 g6 3. Nc3 Bg7 4. e4 d6 5. Nge2 0-0 6. Ng3 e5 7. d5 a5 8. Be2 Na6 9. h4 h6 10. Be3 Kh7 11. f3 Ne8 12. Qd2 Nc5 13. 0-0-0 Bd7 14. Rdg1 Qb8 15. Nf1 Qa7 16. h5 g5 17. g3 a4 18. Kc2 Qa5 19. Bxc5 dxc5 20. Bd3 Nd6 21. f4 Bf6 22. Ne3 Rg8 23. Rf1 Kg7 24. a3 Ra6 25. f5 Rb8 26. Nb1 b5 27. Qxa5 Rxa5 28. Nd2 b4 29. Rb1 b3+ 30. Kd1 Be7 31. g4 f6 32. Rh2 Kg8 33. Rh1 Kg7 34. Rh2 Kg8 35. Rh1 1/2-1/2